000 00711nam a22002297a 4500
003 BD-DhJNU
005 20250811062839.0
008 250811b |||||||| |||| 00| 0 eng d
020 _a0808729195
040 _aBD-DhJNU
_bENG
_cBD-DhJNU
_dBD-DhJNU
082 _223
_a970.004 CAR
100 _aCARROLL, Peter N
245 _aThe restless centuries :
_ba history of the American People /
_cPeter N. Carroll and David W. Noble
250 _a2nd ed.
260 _aUnited States of America :
_bBurgess Publishing,
_c1979.
300 _a xii, 540p. :
_bill. ;
_c22 cm.
490 _vvol. ii
504 _aIncludes index
650 _aUnites States
_xHistory
700 _aNoble, David W.
942 _2ddc
_cBK
_n0
999 _c1983
_d1983